<?xml version="1.0" encoding="UTF-8"?>
<record
    xmlns:xsi="http://www.w3.org/2001/XMLSchema-instance"
    xsi:schemaLocation="http://www.loc.gov/MARC21/slim http://www.loc.gov/standards/marcxml/schema/MARC21slim.xsd"
    xmlns="http://www.loc.gov/MARC21/slim">

  <leader>00814nam a22002177a 4500</leader>
  <datafield tag="999" ind1=" " ind2=" ">
    <subfield code="c">101251</subfield>
    <subfield code="d">101251</subfield>
  </datafield>
  <controlfield tag="005">20181204141110.0</controlfield>
  <datafield tag="010" ind1=" " ind2=" ">
    <subfield code="a">ENG-115410</subfield>
  </datafield>
  <datafield tag="020" ind1=" " ind2=" ">
    <subfield code="a">9781470425838</subfield>
    <subfield code="c">975.00</subfield>
  </datafield>
  <datafield tag="035" ind1=" " ind2=" ">
    <subfield code="a">EN-98942</subfield>
  </datafield>
  <datafield tag="037" ind1=" " ind2=" ">
    <subfield code="b">DBAD/PUB</subfield>
  </datafield>
  <datafield tag="082" ind1=" " ind2=" ">
    <subfield code="a">512.74</subfield>
  </datafield>
  <datafield tag="100" ind1=" " ind2=" ">
    <subfield code="a">Koninck.Jean-Marie de</subfield>
  </datafield>
  <datafield tag="245" ind1=" " ind2=" ">
    <subfield code="a">Analytic number theory :</subfield>
    <subfield code="b">exploring the anatomy of integers /</subfield>
    <subfield code="c">by Jean-Marie De Koninck  [and]  Florian Luca</subfield>
  </datafield>
  <datafield tag="260" ind1=" " ind2=" ">
    <subfield code="a">Rhode Island</subfield>
    <subfield code="b">American Mathematical Society</subfield>
    <subfield code="c">2016</subfield>
  </datafield>
  <datafield tag="270" ind1=" " ind2=" ">
    <subfield code="a">Distributed by-Universties Press,3-6-747/1/A &amp; 3-6 754/1,Himayatnagar</subfield>
    <subfield code="b">Hyderabad (Telagana)</subfield>
    <subfield code="e">500029</subfield>
  </datafield>
  <datafield tag="300" ind1=" " ind2=" ">
    <subfield code="a">xviii,414p</subfield>
    <subfield code="c">24cm(pbk)</subfield>
  </datafield>
  <datafield tag="490" ind1=" " ind2=" ">
    <subfield code="a">Vol-134 ; Graduate Studies In Mathematics</subfield>
  </datafield>
  <datafield tag="500" ind1=" " ind2=" ">
    <subfield code="a">Includes bibliographical references and Index</subfield>
  </datafield>
  <datafield tag="700" ind1=" " ind2=" ">
    <subfield code="a">Luca,Florian</subfield>
  </datafield>
  <datafield tag="942" ind1=" " ind2=" ">
    <subfield code="2">ddc</subfield>
    <subfield code="c">EN</subfield>
    <subfield code="h">512.74</subfield>
    <subfield code="m">KON</subfield>
  </datafield>
  <datafield tag="952" ind1=" " ind2=" ">
    <subfield code="0">0</subfield>
    <subfield code="1">0</subfield>
    <subfield code="4">0</subfield>
    <subfield code="7">1</subfield>
    <subfield code="8">NFIC</subfield>
    <subfield code="a">DBAD</subfield>
    <subfield code="b">BN</subfield>
    <subfield code="d">2016-07-12</subfield>
    <subfield code="e">DBAD/PUB</subfield>
    <subfield code="g">975.00</subfield>
    <subfield code="l">0</subfield>
    <subfield code="o">512.74 KON</subfield>
    <subfield code="p">EN-98942</subfield>
    <subfield code="r">2016-07-12 00:00:00</subfield>
    <subfield code="t">1</subfield>
    <subfield code="v">975.00</subfield>
    <subfield code="y">EN</subfield>
  </datafield>
</record>
